Spotrebiteľské správanie v praxi zbierka prípadových štúdií a zadaní

Gespeichert in:
Bibliographische Detailangaben
1. Verfasser: Žák, Štefan, 1971-
Weitere Verfasser: Musová, Zdenka, Pajtinková - Bartáková, Gabriela, Čvirik, Marián, 1992-
Format: Buch
Sprache:Slowakisch
Veröffentlicht: Bratislava Consumer Insights Agency 2025
Ausgabe:1. vydanie
Schlagworte:
Tags: Tag hinzufügen
Keine Tags, Fügen Sie das erste Tag hinzu!

MARC

LEADER 00000nam a2200000 4500
001 0314081
005 20260226152856.7
020 |a 978-80-974995-2-5 
041 0 |a slo 
044 |a SK 
245 1 0 |a Spotrebiteľské správanie v praxi  |b zbierka prípadových štúdií a zadaní  |c Štefan Žák ; recenzenti: Zdenka Musová, Gabriela Pajtinková Bartáková, Marián Čvirik 
250 |a 1. vydanie 
264 1 |a Bratislava  |b Consumer Insights Agency  |c 2025 
300 |a 196 s. [9,34 AH]  |e podcasty a videá 
610 2 0 |a správanie spotrebiteľa 
610 2 0 |a štúdie prípadové 
610 2 0 |a kultúra 
610 2 0 |a demografia 
610 2 0 |a rodina 
610 2 0 |a motivácia 
610 2 0 |a postoje 
610 2 0 |a rozhodovanie nákupné 
610 2 0 |a typológia 
100 1 |a Žák, Štefan, 1971- 
700 1 |a Musová, Zdenka 
700 1 |a Pajtinková - Bartáková, Gabriela 
700 1 |a Čvirik, Marián, 1992-